Antiguos Países por Bandera y Forma - Estadísticas

Estadísticas generales
  • Esta prueba ha sido intentada 7.822 veces
  • La puntuación promedio es 9 de 16
Estadísticas de respuestas
Imagen Respuesta % Correcto
Unión Soviética
97%
Yugoslavia
89%
Escocía
82%
Texas
82%
Checoslovaquia
78%
Imperio Otomano
76%
Gran Colombia
71%
Austria-Hungría
65%
Alemania del Este
60%
Prusia
52%
Tibet
40%
Zaire
40%
Sacro Imperio Romano
36%
Vietnam del Sur
32%
Terranova
22%
Vermont
14%
No se encontraron pruebas coincidentes
Distribución de puntuación
Porcentaje de gente con cada puntuación
Porcentaje por número respondido
Historial de tus puntuaciones
No has intentado esta prueba.